Baxall Securities Ltd and another v Sheard Walshaw Patnership and another (Record no. 70419)

MARC details
000 -LEADER
fixed length control field 01715cam a2200277 4500
001 - CONTROL NUMBER
control field ABS65463
008 - FIXED-LENGTH DATA ELEMENTS--GENERAL INFORMATION
fixed length control field 020606n2002 000 0 eng u
035 ## - SYSTEM CONTROL NUMBER
System control number (Sirsi) u118287
245 ## - TITLE STATEMENT
Title Baxall Securities Ltd and another v Sheard Walshaw Patnership and another
260 ## - PUBLICATION, DISTRIBUTION, ETC.
Date of publication, distribution, etc. 2002
490 ## - SERIES STATEMENT
Series statement Building Law Reports
Volume/sequential designation [2002] 3 BLR 100-112(12)
490 ## - SERIES STATEMENT
Series statement Construction Law Reports
Volume/sequential designation [2002] 83 Con LR 164-182(18)
490 ## - SERIES STATEMENT
Series statement Court of Appeal (Civil Division)
Volume/sequential designation [2002] EWCA Civ 09
520 ## - SUMMARY, ETC.
Summary, etc. CA 22 January 2002. S appealed against a previous ruling that they were liable for damaged caused to B's goods because of a latent shortfall in the design capacity of a gutter. "Held": the appeal was allowed on the grounds that the surveyor acting for B had not exercised reasonable care and identified the defect; that the assessment of the appropriate design rate has to be made without regard to overflow capacity; and that the defect was not latent as B could have reasonably discovered it with such skilled third party advice as they might be expected to retain, in this case the surveyors. Full judgement available on the Court Service website at http://www.courtservice.gov.uk/View.do?id=211&searchTerm=baxall+and+sheard&ascending=false&index=0&maxIndex=1
590 ## - LOCAL NOTE (RLIN)
Local note ABS
650 ## - SUBJECT ADDED ENTRY--TOPICAL TERM
Topical term or geographic name entry element BLAXALL SECURITIES LTD AND ANOTHER V SHEARD WALSHAW PARTNERSHIP
650 ## - SUBJECT ADDED ENTRY--TOPICAL TERM
Topical term or geographic name entry element CASE LAW
650 ## - SUBJECT ADDED ENTRY--TOPICAL TERM
Topical term or geographic name entry element CAUSATION
650 ## - SUBJECT ADDED ENTRY--TOPICAL TERM
Topical term or geographic name entry element DUTY OF CARE
650 ## - SUBJECT ADDED ENTRY--TOPICAL TERM
Topical term or geographic name entry element GUTTERING
650 ## - SUBJECT ADDED ENTRY--TOPICAL TERM
Topical term or geographic name entry element LATENT DEFECTS
650 ## - SUBJECT ADDED ENTRY--TOPICAL TERM
Topical term or geographic name entry element OVERFLOWS
690 ## - LOCAL SUBJECT ADDED ENTRY--TOPICAL TERM (OCLC, RLIN)
Topical term or geographic name as entry element BUILT ENVIRONMENT-BUILDING PATHOLOGY
856 ## - ELECTRONIC LOCATION AND ACCESS
Uniform Resource Identifier <a href="https://www.courtservice.gov.uk/View.do?id=211&searchTerm=baxall+and+sheard&ascending=false&index=0&maxIndex=1">https://www.courtservice.gov.uk/View.do?id=211&searchTerm=baxall+and+sheard&ascending=false&index=0&maxIndex=1</a>
942 ## - ADDED ENTRY ELEMENTS (KOHA)
Suppress in OPAC 0
Holdings
Withdrawn status Lost status Source of classification or shelving scheme Damaged status Not for loan Home library Current library Shelving location Date acquired Total Checkouts Full call number Barcode Date last seen Copy number Price effective from Koha item type
    Dewey Decimal Classification     London London Journal article 06/06/2002   ABS65463 118287-1001 06/08/2019 1 06/08/2019 Law report